00439cam a2200181ua 4500001000500000005001700005008003900022020001500061040000900076041000800085082000800093100003100101245003900132250000900171260003200180300001000212653003500222888520260515114409.0150218n ii |||gr||||Z||||||eng a8170966574 cMAIN aeng a859 aSnodgrass, M. L.,eAuthor.1 aRoman classicscBy M. L. Snodgrass a1st. aNew Delhi:bKalyani,c1992. a376p. aRomanian & related literatures